[Event "Moscow op (Women)"]
[Site "Moscow"]
[Date "2012.02.05"]
[Round "9"]
[White "Khvorostova, Anna"]
[Black "Borisova, Elizaveta"]
[Result "0-1"]
[WhiteElo "1966"]
[BlackElo "2219"]
[PlyCount "84"]
[EventDate "2012.01.28"]
[EventType "swiss"]
[EventRounds "9"]
[EventCountry "RUS"]
[SourceTitle "CBM 146 Extra"]
[Source "ChessBase"]
[SourceDate "2012.02.29"]
[SourceVersion "1"]
[SourceVersionDate "2012.02.29"]
[SourceQuality "1"]

1. e4 c5 2. Nc3 Nc6 3. g3 g6 4. Bg2 Bg7 5. Nge2 d6 6. f4 e6 7. 0-0 Nge7 8. d3 0-0 9. Be3 Nd4 10. Bf2 f5 11. Rb1 Rb8 12. Nxd4 cxd4 13. Ne2 Nc6 14. c3 dxc3 15. bxc3 Bd7 16. Re1 Kh8 17. d4 fxe4 18. Bxe4 d5 19. Bg2 Na5 20. Kh1 Nc4 21. Rb4 b6 22. Ng1 Nd6 23. Qd3 Rc8 24. Be3 Qf6 25. Nf3 Ne4 26. c4 Qf5 27. Qb1 Bc6 28. cxd5 exd5 29. Ne5 Bb7 30. Bf3 Bxe5 31. dxe5 Rc3 32. Rb3 Rfc8 33. Bd4 R3c4 34. Qd1 h5 35. Qa1 Kh7 36. Rd3 Nxg3+ 37. hxg3 Qxd3 38. Be3 Qf5 39. Bg2 Rc2 40. Bd4 Qg4 41. Kh2 Rxg2+ 42. Kxg2 Rc2+ 0-1

[Event "Moscow op (Women)"]
[Site "Moscow"]
[Date "2012.02.04"]
[Round "8"]
[White "Borisova, Elizaveta"]
[Black "Aseeva, Anastasia"]
[Result "0-1"]
[WhiteElo "2219"]
[BlackElo "1981"]
[PlyCount "76"]
[EventDate "2012.01.28"]
[EventType "swiss"]
[EventRounds "9"]
[EventCountry "RUS"]
[SourceTitle "CBM 146 Extra"]
[Source "ChessBase"]
[SourceDate "2012.02.29"]
[SourceVersion "1"]
[SourceVersionDate "2012.02.29"]
[SourceQuality "1"]

1. e3 d5 2. b3 Bf5 3. Bb2 e6 4. Nf3 Nd7 5. Be2 Ngf6 6. c4 c6 7. 0-0 Bd6 8. d3 Qe7 9. Nbd2 h6 10. cxd5 exd5 11. e4 dxe4 12. dxe4 Bh7 13. Re1 Bc5 14. e5 Nd5 15. Bc4 0-0 16. Ne4 Bb4 17. Re2 Nf4 18. Re3 b5 19. a3 Ba5 20. Nd4 Rac8 21. Bd3 Nxd3 22. Qxd3 Nc5 23. Nf6+ gxf6 24. Rg3+ Kh8 25. Qe3 Qxe5 26. Qxh6 Rg8 27. Rb1 Rg6 28. Rxg6 fxg6 29. Nf3 Qf5 30. Rd1 Ne4 31. h3 Bc3 32. Bxc3 Nxc3 33. Re1 Ne4 34. Qe3 g5 35. Qxa7 Qc5 36. Qd7 Bf5 37. Qf7 Rf8 38. Qh5+ Kg7 0-1

[Event "Moscow op (Women)"]
[Site "Moscow"]
[Date "2012.01.31"]
[Round "4"]
[White "Borisova, Elizaveta"]
[Black "Frolova, Ekaterina"]
[Result "1-0"]
[WhiteElo "2219"]
[BlackElo "2005"]
[PlyCount "33"]
[EventDate "2012.01.28"]
[EventType "swiss"]
[EventRounds "9"]
[EventCountry "RUS"]
[SourceTitle "CBM 146 Extra"]
[Source "ChessBase"]
[SourceDate "2012.02.29"]
[SourceVersion "1"]
[SourceVersionDate "2012.02.29"]
[SourceQuality "1"]

1. e4 c5 2. Nf3 d6 3. d4 cxd4 4. Qxd4 Nc6 5. Bb5 Bd7 6. Bxc6 Bxc6 7. Nc3 h6 8. Qd3 Nf6 9. Bf4 a6 10. 0-0-0 b5 11. e5 Nh5 12. Be3 e6 13. Nd4 Bxg2 14. Nxe6 Qe7 15. Nd5 Qb7 16. Ndc7+ Kd7 17. Nc5+ 1-0

[Event "Moscow Region-ch op"]
[Site "Moscow"]
[Date "2009.07.31"]
[Round "4"]
[White "Borisova, Elizaveta"]
[Black "Gvanceladze, Anna"]
[Result "1-0"]
[WhiteElo "2229"]
[BlackElo "1978"]
[PlyCount "81"]
[EventDate "2009.07.29"]
[EventType "swiss"]
[EventRounds "10"]
[EventCountry "RUS"]
[SourceTitle "CBM 131 Extra"]
[Source "ChessBase"]
[SourceDate "2009.09.03"]
[SourceVersion "2"]
[SourceVersionDate "2009.09.16"]
[SourceQuality "1"]

1. d4 d5 2. c4 e6 3. Nf3 c5 4. cxd5 exd5 5. Nc3 Nc6 6. g3 Nf6 7. Bg2 Be7 8. 0-0 0-0 9. dxc5 Bxc5 10. a3 Re8 11. b4 Be7 12. Bb2 Bg4 13. Rc1 Rc8 14. Qb3 Be6 15. Ng5 Qd7 16. Nxe6 fxe6 17. Rfd1 Kh8 18. Bh3 Qd6 19. e4 Rcd8 20. f4 e5 21. Nb5 Qb8 22. exd5 Nd4 23. Nxd4 exd4 24. Rxd4 Rd6 25. Rdc4 Rdd8 26. Be5 Qa8 27. d6 Bxd6 28. Bxd6 b5 29. Rc6 a5 30. Be5 Qa7+ 31. R1c5 axb4 32. Qxb4 Qf7 33. Rc1 Qh5 34. Rxf6 Qxh3 35. Rd6 Qg4 36. Qd4 Rxd6 37. Qxd6 Qe2 38. Qd4 Kg8 39. Bxg7 h5 40. Be5 h4 41. Qd5+ 1-0

[Event "Obninsk op"]
[Site "Obninsk"]
[Date "2009.07.??"]
[Round "9"]
[White "Borisova, Elizaveta"]
[Black "Egorov, Pavel"]
[Result "1-0"]
[WhiteElo "2229"]
[BlackElo "1881"]
[PlyCount "101"]
[EventDate "2009.07.??"]
[EventType "swiss"]
[EventRounds "9"]
[EventCountry "RUS"]
[SourceTitle "CBM 131 Extra"]
[Source "ChessBase"]
[SourceDate "2009.09.03"]
[SourceVersion "2"]
[SourceVersionDate "2009.09.16"]
[SourceQuality "1"]

1. d4 Nf6 2. c4 g6 3. Nc3 Bg7 4. e4 d6 5. f3 0-0 6. Be3 e5 7. d5 Nh5 8. Qd2 f5 9. 0-0-0 a5 10. Bd3 f4 11. Bf2 Na6 12. Bc2 Bd7 13. g4 Nf6 14. Kb1 b6 15. Ba4 Bxa4 16. Nxa4 Nc5 17. Bxc5 bxc5 18. Nh3 Nd7 19. Ng1 Qb8 20. Ne2 Qb4 21. Qc2 Rfb8 22. Rd3 Nb6 23. Nxb6 Qxb6 24. Nc3 a4 25. Nb5 Qa5 26. g5 Re8 27. h4 Re7 28. Ra3 Qb4 29. Rd1 Kf7 30. Nc3 Qxc4 31. Rxa4 Rxa4 32. Qxa4 Qxa4 33. Nxa4 Re8 34. Nc3 Rb8 35. Kc2 Ke7 36. a4 Kd7 37. Nb5 Ra8 38. b3 Bf8 39. h5 Bg7 40. Kc3 Rh8 41. Rh1 gxh5 42. Rxh5 h6 43. a5 hxg5 44. Rxg5 Bf6 45. Rg6 Bh4 46. Rg7+ Be7 47. Na7 Ke8 48. Nc6 Bf6 49. Rxc7 Rh3 50. a6 Rxf3+ 51. Kc4 1-0

[Event "Obninsk op"]
[Site "Obninsk"]
[Date "2009.07.??"]
[Round "1"]
[White "Maliutina, Yulia"]
[Black "Borisova, Elizaveta"]
[Result "1/2-1/2"]
[WhiteElo "1837"]
[BlackElo "2229"]
[PlyCount "41"]
[EventDate "2009.07.??"]
[EventType "swiss"]
[EventRounds "9"]
[EventCountry "RUS"]
[SourceTitle "CBM 131 Extra"]
[Source "ChessBase"]
[SourceDate "2009.09.03"]
[SourceVersion "2"]
[SourceVersionDate "2009.09.16"]
[SourceQuality "1"]

1. e4 c5 2. c3 g6 3. d4 cxd4 4. cxd4 d5 5. exd5 Nf6 6. Bc4 Bg7 7. Nc3 0-0 8. Nf3 b6 9. Bg5 Bb7 10. 0-0 Na6 11. Qe2 Nc7 12. Rfe1 Re8 13. Ne5 Nfxd5 14. Nxd5 Bxd5 15. Rac1 Ne6 16. Be3 Rc8 17. Bb5 Rxc1 18. Rxc1 Rf8 19. Nd7 Re8 20. Ne5 Rf8 21. Nd7 1/2-1/2

[Event "EU-ch (Women) 10th"]
[Site "St Petersburg"]
[Date "2009.03.14"]
[Round "7"]
[White "Mammadova, Gulnar Marfat Qizi"]
[Black "Borisova, Elizaveta"]
[Result "0-1"]
[WhiteElo "2175"]
[BlackElo "2270"]
[PlyCount "54"]
[EventDate "2009.03.08"]
[EventType "swiss"]
[EventRounds "11"]
[EventCountry "RUS"]
[SourceTitle "CBM 129 Extra"]
[Source "ChessBase"]
[SourceDate "2009.05.05"]
[SourceVersion "2"]
[SourceVersionDate "2009.05.20"]
[SourceQuality "1"]

1. e4 c5 2. f4 Nc6 3. Nf3 g6 4. g3 Bg7 5. Bg2 d6 6. 0-0 Rb8 7. a4 Nf6 8. Nc3 a6 9. d3 b5 10. axb5 axb5 11. h3 b4 12. Ne2 0-0 13. g4 c4 14. Be3 cxd3 15. cxd3 Nd7 16. Rc1 Na5 17. b3 Ba6 18. h4 Nc5 19. Bxc5 dxc5 20. Rxc5 Qb6 21. Qc2 Bxd3 22. Qxd3 Qxc5+ 23. Kh1 Rfd8 24. Qb1 Qe3 25. Nc1 Qxf4 26. g5 Rbc8 27. Na2 Rd2 0-1

[Event "Moscow op (Women)"]
[Site "Moscow"]
[Date "2009.02.05"]
[Round "6"]
[White "Borisova, Elizaveta"]
[Black "Semenova, Elena"]
[Result "1/2-1/2"]
[WhiteElo "2270"]
[BlackElo "2086"]
[PlyCount "69"]
[EventDate "2009.01.31"]
[EventType "swiss"]
[EventRounds "9"]
[EventCountry "RUS"]
[SourceTitle "EXT 2012"]
[Source "ChessBase"]
[SourceDate "2011.11.24"]
[SourceVersion "1"]
[SourceVersionDate "2011.11.24"]
[SourceQuality "1"]

1. d4 d5 2. c4 c6 3. Nf3 Nf6 4. Nc3 e6 5. e3 Nbd7 6. Qc2 Bd6 7. b3 dxc4 8. bxc4 e5 9. d5 cxd5 10. cxd5 Bb4 11. Bd2 Bxc3 12. Bxc3 Nxd5 13. Rd1 Nxc3 14. Qxc3 0-0 15. Bb5 Qe7 16. 0-0 e4 17. Nd2 Nf6 18. Rc1 a6 19. Be2 Rd8 20. Nb3 Be6 21. Na5 Bd5 22. Rfd1 h6 23. a3 Qe6 24. Qb4 b6 25. Nc4 Bxc4 26. Rxd8+ Rxd8 27. Bxc4 Rc8 28. h3 Nd5 29. Qd2 b5 30. Bxd5 Rxc1+ 31. Qxc1 Qxd5 32. Qc8+ Kh7 33. Qxa6 Qc5 34. Qb7 Qf5 35. Qc6 1/2-1/2

[Event "Moscow op (Women)"]
[Site "Moscow"]
[Date "2009.02.04"]
[Round "5"]
[White "Kovalevskaya, Ekaterina"]
[Black "Borisova, Elizaveta"]
[Result "1-0"]
[WhiteElo "2442"]
[BlackElo "2270"]
[PlyCount "91"]
[EventDate "2009.01.31"]
[EventType "swiss"]
[EventRounds "9"]
[EventCountry "RUS"]
[SourceTitle "EXT 2012"]
[Source "ChessBase"]
[SourceDate "2011.11.24"]
[SourceVersion "1"]
[SourceVersionDate "2011.11.24"]
[SourceQuality "1"]

1. c4 e5 2. Nc3 Nf6 3. Nf3 Nc6 4. g3 Bb4 5. Bg2 0-0 6. Nd5 Bc5 7. d3 h6 8. 0-0 Re8 9. e3 d6 10. d4 exd4 11. exd4 Bb6 12. Nxb6 axb6 13. d5 Ne5 14. Nxe5 Rxe5 15. b3 Bg4 16. f3 Bf5 17. g4 Bd7 18. Bf4 Re8 19. a4 Nh7 20. Qd4 Re2 21. Rae1 Qe7 22. Bd2 Rxe1 23. Rxe1 Qf8 24. Bc3 f6 25. Bf1 Ng5 26. Kg2 f5 27. Qxg7+ Qxg7 28. Bxg7 fxg4 29. Bxh6 Nxf3 30. Re7 Ne5 31. Kg3 Re8 32. Rg7+ Kh8 33. Bg2 Ra8 34. Re7 Re8 35. Bg7+ Kg8 36. Rxe8+ Bxe8 37. Bxe5 dxe5 38. Be4 Bd7 39. Kh4 Kf8 40. Kg5 Ke7 41. Bf5 Be8 42. Bxg4 Kd6 43. h4 Kc5 44. h5 Bxh5 45. Bxh5 Kb4 46. Bd1 1-0

[Event "Vladimir op-A"]
[Site "Vladimir"]
[Date "2008.08.21"]
[Round "9"]
[White "Mikheev, Stanislav Valerievi"]
[Black "Borisova, Elizaveta"]
[Result "1-0"]
[WhiteElo "2244"]
[BlackElo "2316"]
[PlyCount "101"]
[EventDate "2008.08.12"]
[EventType "swiss"]
[EventRounds "10"]
[EventCountry "RUS"]
[SourceTitle "CBM 126 Extra"]
[Source "ChessBase"]
[SourceDate "2008.11.05"]
[SourceVersion "1"]
[SourceVersionDate "2008.11.05"]
[SourceQuality "1"]

1. d4 Nf6 2. Nf3 g6 3. Bf4 Bg7 4. e3 0-0 5. h3 c5 6. c3 cxd4 7. exd4 d6 8. Bc4 Nh5 9. Bh2 Qc7 10. Nbd2 e5 11. 0-0 Nc6 12. dxe5 dxe5 13. Re1 Bd7 14. b4 Nf4 15. Qb3 Ne6 16. Nf1 a6 17. a4 Rab8 18. a5 Rbc8 19. Ne3 Ne7 20. Rad1 Nf4 21. Ng5 Be8 22. Ne4 Bb5 23. Bxb5 axb5 24. Nc5 Rfd8 25. Kf1 b6 26. axb6 Qxb6 27. Rxd8+ Rxd8 28. Rd1 h5 29. Bg3 g5 30. Qc2 Nfd5 31. Nxd5 Rxd5 32. Qe2 Qd8 33. Re1 h4 34. Bh2 Qb6 35. Qg4 Qg6 36. Qe2 Qe6 37. Qh5 Qg6 38. Qe2 Qb6 39. Ra1 Qd8 40. Ke1 Ng6 41. Qxb5 e4 42. Qc4 Ne5 43. Bxe5 Rxe5 44. Rd1 Qe8 45. Ke2 e3 46. f3 Re7 47. Rd5 Qa8 48. Ne4 Qa1 49. Qc8+ Kh7 50. Qf5+ Kh6 51. Qxg5+ 1-0

[Event "Vladimir op-A"]
[Site "Vladimir"]
[Date "2008.08.16"]
[Round "5"]
[White "Yarysh, Grigorij"]
[Black "Borisova, Elizaveta"]
[Result "1/2-1/2"]
[WhiteElo "2304"]
[BlackElo "2316"]
[PlyCount "74"]
[EventDate "2008.08.12"]
[EventType "swiss"]
[EventRounds "10"]
[EventCountry "RUS"]
[SourceTitle "CBM 126 Extra"]
[Source "ChessBase"]
[SourceDate "2008.11.05"]
[SourceVersion "1"]
[SourceVersionDate "2008.11.05"]
[SourceQuality "1"]

1. e4 c5 2. c3 d6 3. d4 Nf6 4. dxc5 Nc6 5. Qc2 dxc5 6. Be2 g6 7. Nf3 Bg7 8. Bf4 0-0 9. 0-0 b6 10. Rd1 Qe8 11. Na3 Bb7 12. Nb5 Nh5 13. Be3 Rc8 14. Ng5 h6 15. Bxh5 hxg5 16. Be2 a6 17. Na3 Nd4 18. Qd2 Nxe2+ 19. Qxe2 Bf6 20. e5 Bxe5 21. Bxg5 Qc6 22. f3 Qc7 23. h3 b5 24. Nc2 Kg7 25. Ne3 Rh8 26. Ng4 Rh5 27. Qxe5+ Qxe5 28. Nxe5 Rxg5 29. Ng4 Rd5 30. Ne3 Rd6 31. Kf2 Rcd8 32. Ke2 Kf6 33. b4 cxb4 34. cxb4 Ke5 35. Rxd6 Rxd6 36. Rc1 Rc6 37. Rd1 Rd6 1/2-1/2

[Event "RUS-chT (Women)"]
[Site "Dagomys"]
[Date "2008.04.03"]
[Round "2"]
[White "Borisova, Elizaveta"]
[Black "Ovod, Evgenija"]
[Result "1/2-1/2"]
[WhiteElo "2275"]
[BlackElo "2437"]
[PlyCount "74"]
[EventDate "2008.04.02"]
[EventType "team"]
[EventRounds "9"]
[EventCountry "RUS"]
[SourceTitle "CBM 123 Extra"]
[Source "ChessBase"]
[SourceDate "2008.05.06"]
[SourceVersion "1"]
[SourceVersionDate "2008.05.06"]
[SourceQuality "1"]

1. d4 d5 2. c4 c6 3. Nf3 Nf6 4. Nc3 e6 5. e3 Nbd7 6. Qc2 Bd6 7. g4 h6 8. Bd2 dxc4 9. Bxc4 b5 10. Be2 Bb7 11. e4 Be7 12. e5 b4 13. exf6 bxc3 14. bxc3 Bxf6 15. Rb1 Qc8 16. Qe4 Nb6 17. c4 c5 18. d5 Kf8 19. g5 exd5 20. Qh4 Be7 21. Qf4 Qe6 22. gxh6 Rxh6 23. Qc7 Qe4 24. Bxh6 Qxb1+ 25. Bd1 gxh6 26. Qxb7 Re8 27. 0-0 dxc4 28. Ne5 Qf5 29. f4 c3 30. Bg4 Qf6 31. Qxa7 c4 32. Kh1 Kg7 33. Bh5 c2 34. Bxf7 Qxf4 35. Rg1+ Qg5 36. Qxb6 Rc8 37. Be8 Kf8 1/2-1/2

[Event "Northwest FR-ch"]
[Site "St Petersburg"]
[Date "2008.03.26"]
[Round "7"]
[White "Borisova, Elizaveta"]
[Black "Anjuhin, Alex"]
[Result "1-0"]
[WhiteElo "2305"]
[BlackElo "2346"]
[PlyCount "73"]
[EventDate "2008.03.21"]
[EventType "swiss"]
[EventRounds "9"]
[EventCountry "RUS"]
[SourceTitle "EXT 2022"]
[Source "ChessBase"]
[SourceDate "2021.10.06"]
[SourceVersion "1"]
[SourceVersionDate "2021.10.06"]
[SourceQuality "1"]

1. d4 d5 2. c4 c6 3. Nf3 Nf6 4. Nc3 e6 5. e3 Nbd7 6. Qc2 Bd6 7. g4 Nxg4 8. Rg1 f5 9. h3 Ngf6 10. Rxg7 Ne4 11. Be2 Qf6 12. Rg2 Qh6 13. h4 Ndf6 14. Bd2 Nxd2 15. Qxd2 Bd7 16. Ne5 Qxh4 17. 0-0-0 Rg8 18. Rxg8+ Nxg8 19. Rg1 Nf6 20. Bf3 Qh6 21. Qd1 Ke7 22. Rh1 Qg7 23. Ne2 Ng4 24. Bxg4 fxg4 25. Nf4 Rg8 26. Qc2 h6 27. Nh5 Qh8 28. Ng6+ Rxg6 29. Qxg6 e5 30. Ng7 g3 31. Rxh6 Qxh6 32. Qxh6 gxf2 33. Qh4+ Kf7 34. Qxf2+ Kxg7 35. Qh4 Kf7 36. Qd8 Ke6 37. c5 1-0

[Event "Kharkov Rector Cup (Women) 10th"]
[Site "Kharkov"]
[Date "2008.03.03"]
[Round "8"]
[White "Borisova, Elizaveta"]
[Black "Sukandar, Irine Kharisma"]
[Result "0-1"]
[WhiteElo "2305"]
[BlackElo "2266"]
[PlyCount "52"]
[EventDate "2008.02.27"]
[EventType "tourn"]
[EventRounds "9"]
[EventCountry "UKR"]
[SourceTitle "CBM 123 Extra"]
[Source "ChessBase"]
[SourceDate "2008.05.06"]
[SourceVersion "1"]
[SourceVersionDate "2008.05.06"]
[SourceQuality "1"]

1. d4 Nf6 2. c4 e6 3. Nf3 b6 4. g3 Ba6 5. Qc2 Bb4+ 6. Bd2 Bxd2+ 7. Nbxd2 0-0 8. Bg2 d5 9. 0-0 Nbd7 10. e4 Nxe4 11. Nxe4 dxe4 12. Nd2 f5 13. Rfd1 Qe7 14. f3 e3 15. Nf1 f4 16. gxf4 Rxf4 17. Nxe3 Bb7 18. Re1 Raf8 19. Rad1 Qh4 20. d5 Ne5 21. Nf1 Nxf3+ 22. Bxf3 Rxf3 23. Rxe6 Rxf1+ 24. Rxf1 Qg4+ 25. Qg2 Rxf1+ 26. Kxf1 Qxe6 0-1

[Event "Kharkov Rector Cup (Women) 10th"]
[Site "Kharkov"]
[Date "2008.03.01"]
[Round "5"]
[White "Borisova, Elizaveta"]
[Black "Karlovich, Anastazia"]
[Result "1/2-1/2"]
[WhiteElo "2305"]
[BlackElo "2198"]
[PlyCount "68"]
[EventDate "2008.02.27"]
[EventType "tourn"]
[EventRounds "9"]
[EventCountry "UKR"]
[SourceTitle "CBM 123 Extra"]
[Source "ChessBase"]
[SourceDate "2008.05.06"]
[SourceVersion "1"]
[SourceVersionDate "2008.05.06"]
[SourceQuality "1"]

1. e4 e5 2. Nf3 Nc6 3. Bb5 a6 4. Ba4 Nf6 5. 0-0 b5 6. Bb3 Bb7 7. d4 Nxe4 8. dxe5 Nc5 9. Bd5 Be7 10. Nc3 0-0 11. Be3 d6 12. Bxc5 dxc5 13. Qe2 Qe8 14. Rad1 Rd8 15. Qe4 Ba8 16. Rfe1 Kh8 17. Qg4 b4 18. Nb1 Rxd5 19. Rxd5 Nd4 20. Rxd4 Bxf3 21. Qxf3 cxd4 22. Nd2 Qb5 23. Qd3 Qd5 24. b3 Kg8 25. Nc4 Rd8 26. h3 a5 27. f4 a4 28. f5 f6 29. e6 axb3 30. axb3 Ra8 31. Rf1 Ra2 32. Qd1 g6 33. Qb1 Ra6 34. g4 Qe4 1/2-1/2